| 000 -LEADER |
| fixed length control field |
02919cam a22004815i 4500 |
| 001 - CONTROL NUMBER |
| control field |
18350976 |
| 003 - CONTROL NUMBER IDENTIFIER |
| control field |
NUST |
| 005 - DATE AND TIME OF LATEST TRANSACTION |
| control field |
20220306104356.0 |
| 008 - FIXED-LENGTH DATA ELEMENTS--GENERAL INFORMATION |
| fixed length control field |
141028r20132013nyu 000 1 eng d |
| 010 ## - LIBRARY OF CONGRESS CONTROL NUMBER |
| LC control number |
2014430079 |
| 020 ## - INTERNATIONAL STANDARD BOOK NUMBER |
| International Standard Book Number |
9780802121622 (cloth) |
| 020 ## - INTERNATIONAL STANDARD BOOK NUMBER |
| International Standard Book Number |
0802121624 (cloth) |
| 020 ## - INTERNATIONAL STANDARD BOOK NUMBER |
| Canceled/invalid ISBN |
9780802193056 (ebook) |
| 035 ## - SYSTEM CONTROL NUMBER |
| System control number |
(OCoLC)ocn828768803 |
| 038 ## - RECORD CONTENT LICENSOR |
| Staff Name |
waseem |
| 040 ## - CATALOGING SOURCE |
| Original cataloging agency |
YDXCP |
| Transcribing agency |
YDXCP |
| Description conventions |
rda |
| Modifying agency |
BTCTA |
| -- |
BDX |
| -- |
B@L |
| -- |
OCLCO |
| -- |
CGP |
| -- |
ABG |
| -- |
IK2 |
| -- |
FLWMD |
| -- |
JP3 |
| -- |
UPZ |
| -- |
EEK |
| -- |
IGP |
| -- |
OCLCF |
| -- |
OCLCO |
| -- |
DLC |
| 042 ## - AUTHENTICATION CODE |
| Authentication code |
lccopycat |
| 050 00 - LIBRARY OF CONGRESS CALL NUMBER |
| Classification number |
PR6104.A56 |
| Item number |
J87 2013b |
| 082 04 - DEWEY DECIMAL CLASSIFICATION NUMBER |
| Classification number |
823.92 |
| Author Mark |
DAL |
| 100 1# - MAIN ENTRY--PERSONAL NAME |
| Personal name |
Daly, Paula., |
| Relator term |
author. |
| 9 (RLIN) |
90301 |
| 245 10 - TITLE STATEMENT |
| Title |
Just what kind of mother are you? / |
| Statement of responsibility, etc. |
Paula Daly. |
| 264 #1 - PRODUCTION, PUBLICATION, DISTRIBUTION, MANUFACTURE, AND COPYRIGHT NOTICE |
| Place of production, publication, distribution, manufacture |
Great Britain : |
| Name of producer, publisher, distributor, manufacturer |
Bantam Books, |
| Date of production, publication, distribution, manufacture, or copyright notice |
2013. |
| 300 ## - PHYSICAL DESCRIPTION |
| Extent |
313 pages ; |
| Dimensions |
21 cm. |
| 500 ## - GENERAL NOTE |
| General note |
Originally published: Great Britain : Bantam Press, 2013. |
| 520 ## - SUMMARY, ETC. |
| Summary, etc. |
Lisa Kallisto is one of those overworked, overscheduled mothers who never secures enough sleep at night. After getting her three kids off to school, working all day as the manager of a charitable animal shelter and taking care of her household, she's lucky to get a few minutes to herself. So when her daughter's friend Lucinda turns up missing after she was supposed to spend the night at Lisa's home, Lisa is full of blame and self-loathing. And she's not the only one who finds herself at fault: Most of Lucinda's family, the police and even her own husband, Joe, think Lisa should have paid more attention to what the two young teens were doing. Now, it looks like the kidnapper, who has already abducted one other girl, is at it again, and Lisa is trying to put the pieces together. So is Joanne Aspinall, an investigator with the local police in the small English town where both Lisa's and Lucinda's families live, and Joanne's finding that things are growing more and more curious as the pieces to the puzzle refuse to fit together -- |
| Assigning source |
Source other than Library of Congress. |
| 563 ## - BINDING INFORMATION |
| Binding note |
PBK. |
| 650 #0 - SUBJECT ADDED ENTRY--TOPICAL TERM |
| Topical term or geographic name entry element |
Kidnapping |
| Form subdivision |
Fiction. |
| 9 (RLIN) |
90302 |
| 650 #0 - SUBJECT ADDED ENTRY--TOPICAL TERM |
| Topical term or geographic name entry element |
Guilt |
| Form subdivision |
Fiction. |
| 9 (RLIN) |
90303 |
| 650 #0 - SUBJECT ADDED ENTRY--TOPICAL TERM |
| Topical term or geographic name entry element |
Teenagers |
| Form subdivision |
Fiction. |
| 9 (RLIN) |
90304 |
| 650 #0 - SUBJECT ADDED ENTRY--TOPICAL TERM |
| Topical term or geographic name entry element |
Mothers |
| Form subdivision |
Fiction. |
| 9 (RLIN) |
90305 |
| 650 #7 - SUBJECT ADDED ENTRY--TOPICAL TERM |
| Topical term or geographic name entry element |
Guilt. |
| Source of heading or term |
fast |
| Authority record control number or standard number |
(OCoLC)fst00949079 |
| 9 (RLIN) |
90306 |
| 650 #7 - SUBJECT ADDED ENTRY--TOPICAL TERM |
| Topical term or geographic name entry element |
Kidnapping. |
| Source of heading or term |
fast |
| Authority record control number or standard number |
(OCoLC)fst00987322 |
| 9 (RLIN) |
90307 |
| 650 #7 - SUBJECT ADDED ENTRY--TOPICAL TERM |
| Topical term or geographic name entry element |
Mothers. |
| Source of heading or term |
fast |
| Authority record control number or standard number |
(OCoLC)fst01026940 |
| 9 (RLIN) |
90308 |
| 650 #7 - SUBJECT ADDED ENTRY--TOPICAL TERM |
| Topical term or geographic name entry element |
Teenagers. |
| Source of heading or term |
fast |
| Authority record control number or standard number |
(OCoLC)fst01145551 |
| 9 (RLIN) |
90309 |
| 655 #7 - INDEX TERM--GENRE/FORM |
| Genre/form data or focus term |
Fiction. |
| Source of term |
fast |
| Authority record control number |
(OCoLC)fst01423787 |
| 9 (RLIN) |
90310 |
| 655 #7 - INDEX TERM--GENRE/FORM |
| Genre/form data or focus term |
Suspense fiction. |
| Source of term |
gsafd |
| 9 (RLIN) |
90311 |
| 655 #7 - INDEX TERM--GENRE/FORM |
| Genre/form data or focus term |
Mystery fiction. |
| Source of term |
gsafd |
| 9 (RLIN) |
90312 |
| 856 42 - ELECTRONIC LOCATION AND ACCESS |
| Materials specified |
Contributor biographical information |
| Uniform Resource Identifier |
<a href="http://www.loc.gov/catdir/enhancements/fy1507/2014430079-b.html">http://www.loc.gov/catdir/enhancements/fy1507/2014430079-b.html</a> |
| 856 42 - ELECTRONIC LOCATION AND ACCESS |
| Materials specified |
Publisher description |
| Uniform Resource Identifier |
<a href="http://www.loc.gov/catdir/enhancements/fy1507/2014430079-d.html">http://www.loc.gov/catdir/enhancements/fy1507/2014430079-d.html</a> |
| 906 ## - LOCAL DATA ELEMENT F, LDF (RLIN) |
| a |
7 |
| b |
cbc |
| c |
copycat |
| d |
2 |
| e |
ncip |
| f |
20 |
| g |
y-gencatlg |
| 942 ## - ADDED ENTRY ELEMENTS (KOHA) |
| Source of classification or shelving scheme |
|
| Koha item type |
Book |